| 000 | 00364nam a22001457a 4500 | ||
|---|---|---|---|
| 999 |
_c8862 _d8862 |
||
| 003 | OSt | ||
| 008 | 200713b ||||| |||| 00| 0 eng d | ||
| 100 | _aRaghunandanan, V | ||
| 245 | _aElementary Human Anatomy and Physiology | ||
| 250 | _a2020 | ||
| 260 |
_aNew Delhi _bVallabh Pra. |
||
| 300 | _a295 | ||
| 650 | _aHuman Anatomy and Physiology | ||
| 942 |
_2ddc _cBK _01 |
||